000 00433 a2200157 4500
020 _a9780195179972
022 _a9780195179972
082 _a336
090 _c6665
_d6665
100 _aKaul,Inge
245 _aThe New Public Finance.
_bResponding to Global Challenges.
_cInge Kaul
260 _aNew York
_bThe United Nations development Programme.
_c2006.
300 _a664p.
500 _aPaper cover
942 _aNBS
_cBK
_k336 KAU
999 _c349016
_d349016